Guess the cropped logo! - Statistics

General Stats
  • This quiz has been taken 121 times
  • The average score is 14 of 15
Answer Stats
Picture Answer % Correct
KFC
100%
Pepsi
100%
Amazon
99%
Google
97%
Monster
97%
Taco Bell
97%
Pringles
96%
Puma
95%
Spotify
95%
Adidas
94%
Instagram
94%
Wikipedia
93%
Target
88%
Gatorade
82%
JetPunk
82%
No matching quizzes found
Score Distribution
Percent of People with Each Score
Percentile by Number Answered
Your Score History
You have not taken this quiz